A new cultural economy: The limits of intellectual property

Saved in:
Bibliografiske detaljer
Main Authors: Stocker, Gerfried (Author), Schöpf, Christine (Author)
Format: Bog
Sprog:tysk
engelsk
Udgivet: Múnich Hatje Cantz 2008
Fag:
Tags: Tilføj Tag
Ingen Tags, Vær først til at tagge denne postø!

MARC

LEADER 00000nam a2200000 a 4500
001 UCH8839
003 CL-VaPUC
008 091211e20080000gw |||||||||||||||||ger|d
020 |a 9783775722247 
041 0 7 |a ger  |2 CL-VaPUC 
041 0 7 |a eng  |2 CL-VaPUC 
082 0 4 |a 346.048  |b STO  |2 21 
100 0 |a Stocker, Gerfried  |e author  |9 545582 
700 0 |a Schöpf, Christine  |e author  |9 545583 
245 1 2 |a A new cultural economy: The limits of intellectual property 
300 |a 364 p 
942 |c BK 
945 |d 20091211 00:00:00  |a dcastane 
260 |a Múnich  |b Hatje Cantz  |c 2008 
650 0 |a Arte moderno  |9 265333 
650 0 |a Propiedad intelectual  |9 256126 
650 7 |a DESARROLLO TECNOLOGICO  |2 CL-VaPUC  |9 259800 
650 0 |a Arte   |y Siglo 20  |9 267709 
650 0 |a Arte interactivo  |9 545580 
999 |c 338946  |d 338944 
583 |k Rodrigo Vera 
952 |0 0  |1 0  |4 0  |6 346_048000000000000_STO_2008  |7 0  |8 A  |9 432252  |a BIBART  |b BIBART  |d 2019-11-22  |i 4624769  |o 346.048 STO 2008  |p 4624769  |r 2025-03-13  |w 2019-11-22  |y BK  |k ART